Statystyki dla Miasta województwa śląskiego #2 (dawne nazwy)

Kliknij tutaj aby rozwiązać quiz!

Ogólne statystyki

  • Ten quiz został rozwiązany 104 razy
  • Średni wynik to 7 z 16

Statystyki odpowiedzi

Niemiecka:Polska:% Poprawnych
Deutsch PiekarPiekary Śląskie
99%
SchwientochlowitzŚwiętochłowice
72%
BielitzBielsko
70%
RydultauRydułtowy
64%
TeschenCieszyn
52%
KnauersdorfKnurów
42%
RatiborhammerKuźnia Raciborska
39%
SaybuschŻywiec
34%
TostToszek
30%
KranowitzKrzanowice
27%
PeiskretschamPyskowice
25%
StahlhammerKalety
23%
WoischnikWoźniki
23%
WilmesauWilamowice
20%
SchwarzwasserStrumień
17%
GeorgenbergMiasteczko Śląskie
16%

Rozkład punktacji

Percentyl według liczby udzielonych odpowiedzi

Procent ludzi z każdym wynikiem

Twoja historia wyników

Nie rozwiązałeś tego quizu